[Event "EU-Cup 37th"]
[Site "Mayrhofen"]
[Date "2022.10.06"]
[Round "4.6"]
[White "Gerhold, Michael"]
[Black "Givon, Asaf"]
[Result "0-1"]
[WhiteElo "2182"]
[BlackElo "2434"]
[PlyCount "68"]
[EventDate "2022.10.03"]
[EventType "team-swiss"]
[EventRounds "7"]
[EventCountry "AUT"]
[SourceTitle "CBM 210 Extra"]
[Source "ChessBase"]
[SourceDate "2022.11.30"]
[SourceVersion "1"]
[SourceVersionDate "2022.11.30"]
[SourceQuality "1"]
[WhiteTeam "Absam "]
[BlackTeam "Kfar Saba"]
[WhiteTeamCountry "AUT"]
[BlackTeamCountry "ISR"]

1. Nf3 Nf6 2. c4 c5 3. Nc3 e6 4. g3 d5 5. cxd5 exd5 6. d4 Nc6 7. Bg2 cxd4 8. Nxd4 Bc5 9. Nb3 Bb6 10. 0-0 d4 11. Na4 0-0 12. Bg5 Re8 13. Rc1 h6 14. Bxf6 Qxf6 15. Nac5 h5 16. Re1 h4 17. Qd2 Re5 18. e3 h3 19. Bh1 Bg4 20. exd4 Rxe1+ 21. Rxe1 Nxd4 22. Qxd4 Qxd4 23. Nxd4 Bxc5 24. Nb3 Bb6 25. Bxb7 Rd8 26. Kf1 a5 27. Bc6 Rd6 28. Rc1 Rf6 29. Rc2 Bd1 30. Rc3 Rxf2+ 31. Ke1 Bg4 32. Nc5 Re2+ 33. Kf1 Rxh2 34. Bd7 Rh1+ 0-1

[Event "AUT-chT 2122"]
[Site "Austria"]
[Date "2022.04.23"]
[Round "11.4"]
[White "Lentrodt, Thomas"]
[Black "Gerhold, Michael"]
[Result "0-1"]
[WhiteElo "2247"]
[BlackElo "2164"]
[PlyCount "142"]
[EventDate "2021.11.04"]
[EventType "team-tourn"]
[EventRounds "11"]
[EventCountry "AUT"]
[SourceTitle "EXT 2023"]
[Source "ChessBase"]
[SourceDate "2022.10.05"]
[SourceVersion "1"]
[SourceVersionDate "2022.10.05"]
[SourceQuality "1"]
[WhiteTeam "Grieskirchen/Schallerbach"]
[BlackTeam "Absam"]
[WhiteTeamCountry "AUT"]
[BlackTeamCountry "AUT"]

1. d4 Nf6 2. Nf3 d5 3. c4 e6 4. e3 a6 5. Nbd2 c5 6. cxd5 exd5 7. dxc5 Bxc5 8. Nb3 Bd6 9. Bd3 Nc6 10. Nbd4 Bg4 11. Nxc6 bxc6 12. Qa4 Bd7 13. Bd2 0-0 14. 0-0 c5 15. Qc2 Bb5 16. Rfd1 Bc6 17. b4 Qd7 18. Rdc1 Ba4 19. Qb2 cxb4 20. Nd4 Ne4 21. Be1 a5 22. f3 Nc5 23. Bf5 Qe7 24. Bf2 g6 25. Bc2 Bd7 26. Re1 Qf6 27. Rad1 Rfc8 28. e4 dxe4 29. Bxe4 Nxe4 30. Rxe4 Ba4 31. Rd2 Bf4 32. Be3 Bxe3+ 33. Rxe3 Rd8 34. Red3 Rd5 35. Qb1 Rad8 36. Ne2 Qb6+ 37. Kf1 Rxd3 38. Rxd3 Re8 39. Nd4 Qc5 40. Nb3 Qe5 41. Kg1 Bb5 42. Rd1 Bc4 43. h3 Qe3+ 44. Kh1 a4 45. Na5 Be2 46. Re1 Qc3 47. Rc1 Qd2 48. Qc2 Qxc2 49. Rxc2 Bd3 50. Rd2 Bb5 51. Rb2 Ra8 52. Nb7 Bc4 53. Nc5 a3 54. Rc2 b3 55. axb3 a2 56. Rxa2 Rxa2 57. bxc4 Rc2 58. Kh2 Rxc4 59. Ne4 Kg7 60. Kg3 Ra4 61. h4 f5 62. Ng5 h6 63. Ne6+ Kf6 64. Nf4 Rd4 65. Ne2 Rd2 66. Nf4 g5 67. hxg5+ hxg5 68. Nh3 Kg6 69. Ng1 Kh5 70. Nh3 Rb2 71. Ng1 g4 0-1

[Event "AUT-chT 2122"]
[Site "Austria"]
[Date "2022.03.27"]
[Round "8.2"]
[White "Gerhold, Michael"]
[Black "Kosc, Renata"]
[Result "1-0"]
[WhiteElo "2164"]
[BlackElo "1976"]
[PlyCount "77"]
[EventDate "2021.11.04"]
[EventType "team-tourn"]
[EventRounds "11"]
[EventCountry "AUT"]
[SourceTitle "EXT 2023"]
[Source "ChessBase"]
[SourceDate "2022.10.05"]
[SourceVersion "1"]
[SourceVersionDate "2022.10.05"]
[SourceQuality "1"]
[WhiteTeam "Absam"]
[BlackTeam "Pamhagen"]
[WhiteTeamCountry "AUT"]
[BlackTeamCountry "AUT"]

1. d4 f5 2. Bg5 g6 3. e3 Bg7 4. Nc3 Nf6 5. h4 h6 6. Bxf6 Bxf6 7. g4 d5 8. Bd3 e6 9. Nge2 Qe7 10. h5 g5 11. gxf5 exf5 12. Nxd5 Qd6 13. Nxf6+ Qxf6 14. Qd2 Nc6 15. 0-0-0 Bd7 16. c3 0-0-0 17. Kb1 Rhf8 18. Rde1 Ne7 19. f3 Kb8 20. Ng3 Qd6 21. Rhg1 c5 22. Qc2 Rc8 23. Qf2 b5 24. e4 c4 25. e5 Qb6 26. Bc2 Nd5 27. Qd2 a5 28. Ka1 b4 29. Ne2 Ka7 30. Bb1 Rb8 31. Rc1 Rfc8 32. f4 g4 33. Ng3 bxc3 34. bxc3 a4 35. Bxf5 Bxf5 36. Nxf5 a3 37. Rb1 Qa5 38. Nd6 Nxc3 39. Nxc8+ 1-0

[Event "Innsbruck op 5th"]
[Site "Innsbruck"]
[Date "2021.08.25"]
[Round "6"]
[White "Gerhold, Michael"]
[Black "Platzgummer, Fabian"]
[Result "1/2-1/2"]
[WhiteElo "2192"]
[BlackElo "2345"]
[PlyCount "75"]
[EventDate "2021.08.21"]
[EventType "swiss"]
[EventRounds "9"]
[EventCountry "AUT"]
[SourceTitle "CBM 204 Extra"]
[Source "ChessBase"]
[SourceDate "2021.11.30"]
[SourceVersion "1"]
[SourceVersionDate "2021.11.30"]
[SourceQuality "1"]

1. e4 d6 2. d4 Nf6 3. Nc3 c6 4. g3 g6 5. Bg2 Bg7 6. Nge2 0-0 7. a4 d5 8. e5 Ne8 9. 0-0 f6 10. f4 Bg4 11. h3 Bxe2 12. Nxe2 Nc7 13. h4 f5 14. Bh3 h5 15. b3 e6 16. Ba3 Rf7 17. Kh2 a5 18. Ng1 b5 19. Nf3 b4 20. Bc1 Nca6 21. Be3 Rc7 22. Ng5 Qc8 23. Rf2 Bh6 24. Nf3 Bf8 25. Bf1 c5 26. Rc1 Nc6 27. Bxa6 Qxa6 28. dxc5 Rac8 29. Qd3 Qa7 30. c4 bxc3 31. Qxc3 Nb4 32. Ng5 Bxc5 33. Bxc5 Rxc5 34. Qd4 Nd3 35. Rxc5 Qxc5 36. Qxc5 Nxc5 37. Rc2 Rc7 38. Kg2 1/2-1/2

[Event "Innsbruck op 5th"]
[Site "Innsbruck"]
[Date "2021.08.24"]
[Round "5"]
[White "Weber, Ulrich"]
[Black "Gerhold, Michael"]
[Result "1-0"]
[WhiteElo "2365"]
[BlackElo "2192"]
[PlyCount "123"]
[EventDate "2021.08.21"]
[EventType "swiss"]
[EventRounds "9"]
[EventCountry "AUT"]
[SourceTitle "CBM 204 Extra"]
[Source "ChessBase"]
[SourceDate "2021.11.30"]
[SourceVersion "1"]
[SourceVersionDate "2021.11.30"]
[SourceQuality "1"]

1. Nf3 d5 2. g3 c6 3. Bg2 Bg4 4. d3 e6 5. 0-0 Bd6 6. Nbd2 Ne7 7. e4 0-0 8. h3 Bxf3 9. Nxf3 Nd7 10. Qe2 dxe4 11. dxe4 Qc7 12. Re1 e5 13. Rd1 Rfd8 14. b3 a5 15. a4 Ng6 16. h4 Nc5 17. Bb2 Nf8 18. Qc4 Nfe6 19. Bh3 Kh8 20. Rd2 b5 21. Qe2 bxa4 22. bxa4 Nf8 23. Qc4 f6 24. Rxd6 Qxd6 25. Ba3 Nfe6 26. Bxe6 Qxe6 27. Qxc5 Qg4 28. Qe3 Rab8 29. Kg2 h5 30. Bc5 Rd7 31. Bb6 Ra8 32. Nd2 Qe6 33. Qc3 Qd6 34. Nc4 Qd4 35. Bxa5 Qxc3 36. Bxc3 Rad8 37. a5 Rd1 38. Rxd1 Rxd1 39. a6 Rd7 40. Na5 Ra7 41. Nxc6 Rxa6 42. Nb4 Ra3 43. Bd2 Kg8 44. Kf1 Kf7 45. Ke2 Ke6 46. c3 Ra8 47. Nd5 Rg8 48. Kd3 g5 49. Ne3 gxh4 50. gxh4 Rg1 51. Nf5 Rh1 52. Be3 Kd7 53. c4 Kc6 54. c5 Rh3 55. Ke2 Rh1 56. Kf3 Rh2 57. Kg3 Rh1 58. f3 Re1 59. Bf2 Ra1 60. Ng7 Ra8 61. Nxh5 Rg8+ 62. Kh3 1-0

[Event "AUT-chT 2021"]
[Site "Austria"]
[Date "2021.03.13"]
[Round "6.2"]
[White "Gschiel, Alexander"]
[Black "Gerhold, Michael"]
[Result "1/2-1/2"]
[WhiteElo "2006"]
[BlackElo "2211"]
[PlyCount "71"]
[EventDate "2021.01.22"]
[EventType "team-tourn"]
[EventRounds "7"]
[EventCountry "AUT"]
[SourceTitle "EXT 2022"]
[Source "ChessBase"]
[SourceDate "2021.10.06"]
[SourceVersion "1"]
[SourceVersionDate "2021.10.06"]
[SourceQuality "1"]
[WhiteTeam "Pamhagen"]
[BlackTeam "Absam"]
[WhiteTeamCountry "AUT"]
[BlackTeamCountry "AUT"]

1. d4 Nf6 2. c4 e6 3. Nf3 d5 4. g3 Be7 5. Bg2 0-0 6. 0-0 dxc4 7. Qc2 a6 8. a4 Bd7 9. Qxc4 Bc6 10. Bf4 Bd6 11. Bxd6 cxd6 12. Nc3 Bxf3 13. Bxf3 d5 14. Qb3 Nc6 15. e3 Na5 16. Qa2 Qb6 17. Rab1 Qb4 18. Kg2 Rac8 19. Ne2 Rc2 20. Rfc1 Rfc8 21. Rxc2 Rxc2 22. Rc1 Rxc1 23. Nxc1 Qd2 24. Nb3 Qb4 25. Nxa5 Qxa5 26. Qa3 Qc7 27. b4 g5 28. Qb2 b6 29. Be2 a5 30. Bd3 h6 31. bxa5 bxa5 32. h3 Kg7 33. Qd2 Qb6 34. Qc3 Kg8 35. Qc8+ Kg7 36. Qc3 1/2-1/2

[Event "AUT-ch"]
[Site "Vienna"]
[Date "2018.07.27"]
[Round "7"]
[White "Gerhold, Michael"]
[Black "Hapala, Elisabeth"]
[Result "1-0"]
[WhiteElo "2254"]
[BlackElo "2131"]
[PlyCount "37"]
[EventDate "2018.07.22"]
[EventType "swiss"]
[EventRounds "9"]
[EventCountry "AUT"]
[SourceTitle "CBM 185 Extra"]
[Source "ChessBase"]
[SourceDate "2018.07.29"]
[SourceVersion "1"]
[SourceVersionDate "2018.07.29"]
[SourceQuality "1"]

1. d4 Nf6 2. Nf3 e6 3. e3 c5 4. Bd3 d5 5. b3 Nc6 6. 0-0 Be7 7. Bb2 0-0 8. c4 cxd4 9. exd4 b6 10. Nc3 Bb7 11. Rc1 Rc8 12. Qe2 dxc4 13. bxc4 Nxd4 14. Nxd4 Qxd4 15. Nd5 Qc5 16. Bxf6 gxf6 17. Nxe7+ Qxe7 18. Qg4+ Kh8 19. Qh4 1-0

[Event "AUT-ch"]
[Site "Vienna"]
[Date "2018.07.23"]
[Round "3"]
[White "Gerhold, Michael"]
[Black "Hupfer, Robert"]
[Result "1-0"]
[WhiteElo "2254"]
[BlackElo "2122"]
[PlyCount "61"]
[EventDate "2018.07.22"]
[EventType "swiss"]
[EventRounds "9"]
[EventCountry "AUT"]
[SourceTitle "CBM 185 Extra"]
[Source "ChessBase"]
[SourceDate "2018.07.29"]
[SourceVersion "1"]
[SourceVersionDate "2018.07.29"]
[SourceQuality "1"]

1. e4 c6 2. d4 d5 3. e5 Bf5 4. Nf3 e6 5. Be2 Nd7 6. 0-0 Ne7 7. Nbd2 h6 8. Nb3 Qc7 9. Bd2 g5 10. Bb4 Ng6 11. Bxf8 Ndxf8 12. g3 Nd7 13. c4 0-0-0 14. cxd5 exd5 15. Rc1 Ngf8 16. Qd2 f6 17. exf6 Nxf6 18. Ne5 Ng6 19. Nxg6 Bxg6 20. Na5 Qb6 21. b4 Ne4 22. Qb2 Kb8 23. a3 Rhf8 24. Nb3 Bf5 25. f3 Nd6 26. Nc5 Rfe8 27. a4 Re3 28. a5 Qc7 29. b5 Rde8 30. bxc6 Qxc6 31. Na6+ 1-0

[Event "AUT-chT 1718"]
[Site "Austria"]
[Date "2018.01.20"]
[Round "7.5"]
[White "Kreisl, Robert"]
[Black "Gerhold, Michael"]
[Result "1-0"]
[WhiteElo "2448"]
[BlackElo "2258"]
[PlyCount "76"]
[EventDate "2017.11.16"]
[EventType "team-tourn"]
[EventRounds "11"]
[EventCountry "AUT"]
[SourceTitle "EXT 2019"]
[Source "ChessBase"]
[SourceDate "2018.10.10"]
[SourceVersion "1"]
[SourceVersionDate "2018.10.10"]
[SourceQuality "1"]
[WhiteTeam "Maria Saal"]
[BlackTeam "Absam"]
[WhiteTeamCountry "AUT"]
[BlackTeamCountry "AUT"]

1. e4 e5 2. Nf3 Nc6 3. Bc4 Bc5 4. c3 Nf6 5. b4 Bb6 6. d3 d6 7. a4 a6 8. 0-0 0-0 9. Nbd2 Ne7 10. Bb3 Ng6 11. Nc4 Ba7 12. Re1 Be6 13. g3 Bg4 14. Kg2 Qd7 15. Ne3 Bxe3 16. Bxe3 Nh5 17. Rh1 Nhf4+ 18. Kf1 Nh3 19. d4 Qc6 20. Bd5 Qxc3 21. Rc1 Qxb4 22. Qd2 Bxf3 23. Qxb4 c6 24. Ba2 Bxh1 25. Ke2 Bxe4 26. dxe5 d5 27. Bb1 f6 28. Bxe4 dxe4 29. e6 Ng5 30. Bxg5 fxg5 31. Qxb7 Rab8 32. Qxc6 Ne5 33. Qxe4 Nf3 34. Rc2 Rb1 35. Qxf3 Rxf3 36. Kxf3 Kf8 37. Rc6 a5 38. Ra6 g4+ 1-0

[Event "AUT-chT 1718"]
[Site "Austria"]
[Date "2018.01.19"]
[Round "6.2"]
[White "Gerhold, Michael"]
[Black "Baenziger, Fabian"]
[Result "1/2-1/2"]
[WhiteElo "2258"]
[BlackElo "2379"]
[PlyCount "25"]
[EventDate "2017.11.16"]
[EventType "team-tourn"]
[EventRounds "11"]
[EventCountry "AUT"]
[SourceTitle "EXT 2019"]
[Source "ChessBase"]
[SourceDate "2018.10.10"]
[SourceVersion "1"]
[SourceVersionDate "2018.10.10"]
[SourceQuality "1"]
[WhiteTeam "Absam"]
[BlackTeam "Hohenems"]
[WhiteTeamCountry "AUT"]
[BlackTeamCountry "AUT"]

1. Nf3 Nf6 2. c4 d6 3. d4 Nbd7 4. Nc3 g6 5. e4 e5 6. Be2 Bg7 7. 0-0 0-0 8. Be3 Ng4 9. Bg5 Bf6 10. Bc1 Bg7 11. Bg5 Bf6 12. Bc1 Bg7 13. Bg5 1/2-1/2

[Event "AUT-chT 1617"]
[Site "Austria"]
[Date "2017.03.23"]
[Round "5.2"]
[White "Gerhold, Michael"]
[Black "Kuntner, Reinhard1111"]
[Result "1-0"]
[WhiteElo "2211"]
[BlackElo "2076"]
[PlyCount "116"]
[EventDate "2016.10.20"]
[EventType "team-tourn"]
[EventRounds "11"]
[EventCountry "AUT"]
[SourceTitle "CBM 177 Extra"]
[Source "ChessBase"]
[SourceDate "2017.04.27"]
[SourceVersion "1"]
[SourceVersionDate "2017.04.27"]
[SourceQuality "1"]
[WhiteTeam "Absam"]
[BlackTeam "Nickelsdorf Blackburne"]
[WhiteTeamCountry "AUT"]
[BlackTeamCountry "AUT"]

1. Nf3 d5 2. d4 Nf6 3. c4 e6 4. Nc3 Be7 5. Bf4 0-0 6. e3 a6 7. c5 Nc6 8. a3 Bd7 9. h3 Na7 10. Qb3 b6 11. cxb6 cxb6 12. Rc1 b5 13. Ne5 Be8 14. Bd3 Nd7 15. Nf3 Rc8 16. 0-0 Nb6 17. Qc2 h6 18. Qe2 f5 19. g4 Nc4 20. gxf5 exf5 21. Ne5 Nc6 22. Nxc4 bxc4 23. Bc2 Bg5 24. Qf3 Bxf4 25. Qxf4 g5 26. Qf3 Ne7 27. Rfe1 Rb8 28. Rb1 Qd6 29. Kh1 Ng6 30. Bd1 Kh8 31. Kg1 Rd8 32. Be2 Nh4 33. Qh1 Bg6 34. Rbd1 Rf7 35. Bf3 Nxf3+ 36. Qxf3 Rg7 37. Kh1 h5 38. Rg1 g4 39. Qg3 Qf6 40. Ne2 Bf7 41. h4 Rgg8 42. Rd2 Rge8 43. Kg2 Kh7 44. Qf4 Re4 45. Qc7 Rde8 46. Ng3 R8e7 47. Nxe4 fxe4 48. Qf4 Qe6 49. Rc1 Bg6 50. Rc3 Rf7 51. Qe5 Qd7 52. b3 Rf5 53. Qh2 Rf3 54. bxc4 Rh3 55. Qf4 Rf3 56. Qe5 Qd8 57. Qg5 Qb8 58. cxd5 Rf5 1-0

[Event "AUT-ch"]
[Site "St Johann im Pongau"]
[Date "2016.07.26"]
[Round "4"]
[White "Bauer, Thomas"]
[Black "Gerhold, Michael"]
[Result "1/2-1/2"]
[WhiteElo "2102"]
[BlackElo "2207"]
[PlyCount "142"]
[EventDate "2016.07.23"]
[EventType "swiss"]
[EventRounds "9"]
[EventCountry "AUT"]
[SourceTitle "CBM 173 Extra"]
[Source "ChessBase"]
[SourceDate "2016.08.29"]
[SourceVersion "1"]
[SourceVersionDate "2016.08.29"]
[SourceQuality "1"]

1. e4 e6 2. d4 d5 3. Nd2 c5 4. exd5 exd5 5. Ngf3 a6 6. c3 Nf6 7. Bd3 Nc6 8. Qe2+ Be7 9. dxc5 0-0 10. h3 Bxc5 11. 0-0 Re8 12. Qd1 Ne4 13. Nb3 Bb6 14. Nbd4 Nxd4 15. Nxd4 Bxd4 16. cxd4 Qf6 17. Be3 Nd6 18. Rc1 Bf5 19. Be2 Rac8 20. Rc5 Be6 21. Qb3 Qg6 22. Bf4 Nf5 23. Rxc8 Rxc8 24. Be5 f6 25. Qb6 fxe5 26. Bh5 Qf6 27. dxe5 Qxe5 28. Qxb7 Nd4 29. Bf7+ Kh8 30. Qxa6 Qf6 31. Bxe6 Qxe6 32. Qxe6 Nxe6 33. Re1 Rc6 34. b4 Kg8 35. a4 Kf7 36. Rb1 Ra6 37. a5 Ke7 38. Rc1 Kd6 39. Kf1 Rc6 40. Rb1 Kc7 41. b5 Rd6 42. Ke2 Kb7 43. Kd3 Rd7 44. g3 d4 45. Re1 Nc5+ 46. Kc4 Na4 47. Re2 Nc3 48. Rb2 Ne4 49. Kd3 Nc5+ 50. Kc4 d3 51. Rd2 Ne4 52. Rxd3 Rxd3 53. Kxd3 Nxf2+ 54. Kd4 Nxh3 55. Kc5 Ng5 56. a6+ Ka7 57. Kc6 Ne6 58. Kd6 Nd4 59. Kc5 Nf5 60. g4 Ne7 61. Kd6 Nc8+ 62. Kd7 Nb6+ 63. Ke6 Nc4 64. Kf7 g6 65. g5 Nd6+ 66. Kg7 Ne4 67. Kxh7 Nxg5+ 68. Kxg6 Ne6 69. Kf7 Nc7 70. b6+ Kxb6 71. a7 Kxa7 1/2-1/2

[Event "AUT-ch"]
[Site "St Johann im Pongau"]
[Date "2016.07.25"]
[Round "3"]
[White "Gerhold, Michael"]
[Black "Schachinger, Mario"]
[Result "0-1"]
[WhiteElo "2207"]
[BlackElo "2439"]
[PlyCount "56"]
[EventDate "2016.07.23"]
[EventType "swiss"]
[EventRounds "9"]
[EventCountry "AUT"]
[SourceTitle "CBM 173 Extra"]
[Source "ChessBase"]
[SourceDate "2016.08.29"]
[SourceVersion "1"]
[SourceVersionDate "2016.08.29"]
[SourceQuality "1"]

1. d4 Nf6 2. c4 d6 3. Nf3 g6 4. Nc3 Bf5 5. h3 Bg7 6. g4 Bc8 7. e4 c5 8. d5 0-0 9. Be3 Nbd7 10. Be2 b5 11. cxb5 a6 12. a4 axb5 13. Bxb5 Ba6 14. Nd2 Ne8 15. 0-0 Nc7 16. Bxa6 Rxa6 17. Rc1 Qa8 18. b3 e6 19. Nc4 Bxc3 20. dxe6 fxe6 21. Rxc3 d5 22. Bh6 Rf7 23. Rd3 Qc6 24. exd5 exd5 25. Ne3 Ne5 26. Nxd5 Nxd5 27. Rxd5 Nf3+ 28. Kh1 Nd4 0-1

[Event "AUT-chT 1415"]
[Site "Austria"]
[Date "2014.11.23"]
[Round "4.6"]
[White "Gerhold, Michael"]
[Black "Hebesberger, Thomas"]
[Result "1/2-1/2"]
[WhiteElo "2246"]
[BlackElo "2351"]
[PlyCount "108"]
[EventDate "2014.11.20"]
[EventType "team-tourn"]
[EventRounds "11"]
[EventCountry "AUT"]
[SourceTitle "CBM 163 Extra"]
[Source "ChessBase"]
[SourceDate "2014.12.23"]
[SourceVersion "1"]
[SourceVersionDate "2014.12.23"]
[SourceQuality "1"]
[WhiteTeam "Absam"]
[BlackTeam "St Veit"]
[WhiteTeamCountry "AUT"]
[BlackTeamCountry "AUT"]

1. d4 d6 2. Nf3 g6 3. c4 Bg7 4. e4 e5 5. Be3 Bg4 6. Be2 Bxf3 7. Bxf3 Nc6 8. d5 Nd4 9. Bxd4 exd4 10. Nd2 Ne7 11. 0-0 0-0 12. Be2 Qd7 13. Bg4 f5 14. Bh3 h6 15. Nf3 c5 16. dxc6 Qxc6 17. exf5 Nxf5 18. Rc1 Qb6 19. b3 Rae8 20. Bxf5 Rxf5 21. Ne1 Rfe5 22. Nd3 Re4 23. g3 Qa5 24. a4 Qf5 25. Re1 h5 26. Rxe4 Rxe4 27. h4 Bh6 28. Rc2 b6 29. Kg2 Qe6 30. Qf3 a5 31. Kf1 Qh3+ 32. Qg2 Qg4 33. f3 Qf5 34. Re2 Be3 35. Nf4 Re8 36. Nd5 Qb1+ 37. Re1 Qd3+ 38. Qe2 Qf5 39. Kg2 Re5 40. f4 Re8 41. Qf3 Qc2+ 42. Re2 d3 43. Rxc2 dxc2 44. Nf6+ Kf8 45. Nxe8 c1Q 46. Nc7 Qc2+ 47. Kh1 Qxb3 48. Qa8+ Kg7 49. Qf3 Qxc4 50. Ne8+ Kf8 51. Qxe3 Qc6+ 52. Kh2 Qxe8 53. Qxb6 Qe2+ 54. Kg1 Qe1+ 1/2-1/2

[Event "AUT-chT 1314"]
[Site "Austria"]
[Date "2014.03.22"]
[Round "10.6"]
[White "Seyb, Alexander"]
[Black "Gerhold, Michael"]
[Result "1-0"]
[WhiteElo "2370"]
[BlackElo "2270"]
[PlyCount "61"]
[EventDate "2013.12.06"]
[EventType "team-tourn"]
[EventRounds "11"]
[EventCountry "AUT"]
[SourceTitle "EXT 2015"]
[Source "ChessBase"]
[SourceDate "2014.11.20"]
[SourceVersion "1"]
[SourceVersionDate "2014.11.20"]
[SourceQuality "1"]
[WhiteTeam "Bernhard"]
[BlackTeam "Absam"]
[WhiteTeamCountry "AUT"]
[BlackTeamCountry "AUT"]

1. e4 c5 2. Nf3 Nc6 3. d4 cxd4 4. Nxd4 Nf6 5. Nc3 e5 6. Ndb5 d6 7. Bg5 a6 8. Na3 b5 9. Bxf6 gxf6 10. Nd5 f5 11. Bd3 Be6 12. 0-0 Bxd5 13. exd5 Ne7 14. Re1 Bg7 15. Rb1 Qd7 16. c4 b4 17. Nc2 a5 18. Qh5 e4 19. Bf1 0-0 20. g3 Rae8 21. Bh3 Qa4 22. Ne3 Qxa2 23. Bxf5 Ng6 24. b3 Bd4 25. Qd1 Ne5 26. Re2 Nf3+ 27. Kg2 Qa3 28. Nc2 Qa2 29. Nxd4 Qxb1 30. Qxb1 Nxd4 31. Rxe4 1-0

[Event "AUT-chT 1314"]
[Site "Austria"]
[Date "2013.12.06"]
[Round "1.6"]
[White "Petschar, Hans"]
[Black "Gerhold, Michael"]
[Result "1/2-1/2"]
[WhiteElo "2117"]
[BlackElo "2270"]
[PlyCount "59"]
[EventDate "2013.12.06"]
[EventType "team-tourn"]
[EventRounds "11"]
[EventCountry "AUT"]
[SourceTitle "CBM 157 Extra"]
[Source "ChessBase"]
[SourceDate "2013.12.19"]
[SourceVersion "1"]
[SourceVersionDate "2013.12.19"]
[SourceQuality "1"]
[WhiteTeam "Tschaturanga"]
[BlackTeam "Absam"]
[WhiteTeamCountry "AUT"]
[BlackTeamCountry "AUT"]

1. e4 c5 2. Nf3 Nc6 3. Bb5 g6 4. Bxc6 dxc6 5. d3 Bg7 6. 0-0 Nf6 7. h3 0-0 8. Nc3 Ne8 9. Be3 b6 10. Qd2 Nc7 11. Bh6 Ne6 12. Bxg7 Kxg7 13. Rae1 Nd4 14. Nxd4 cxd4 15. Ne2 e6 16. f4 f5 17. Ng3 c5 18. exf5 exf5 19. Re5 Bb7 20. Rfe1 Rf7 21. Qf2 Rc8 22. Nf1 Bd5 23. Nh2 Qd7 24. b3 Qc6 25. R1e2 Rd8 26. Qh4 Qf6 27. Qf2 Qc6 28. Qh4 Qf6 29. Qf2 Qc6 30. Qh4 1/2-1/2

[Event "AUT-ch"]
[Site "Feldkirch"]
[Date "2013.07.26"]
[Round "7"]
[White "Gerhold, Michael"]
[Black "Forster, Reinhard"]
[Result "1-0"]
[WhiteElo "2256"]
[BlackElo "2077"]
[PlyCount "61"]
[EventDate "2013.07.20"]
[EventType "swiss"]
[EventRounds "9"]
[EventCountry "AUT"]
[SourceTitle "CBM 155 Extra"]
[Source "ChessBase"]
[SourceDate "2013.08.26"]
[SourceVersion "1"]
[SourceVersionDate "2013.08.26"]
[SourceQuality "1"]

1. Nf3 Nf6 2. c4 g6 3. Nc3 d6 4. d4 Bg7 5. e4 0-0 6. Be2 e5 7. d5 a5 8. Bg5 Na6 9. 0-0 Qe8 10. Ne1 Nc5 11. f3 Nh5 12. Nd3 Nxd3 13. Bxd3 f5 14. Nb5 Rf7 15. c5 Qf8 16. cxd6 cxd6 17. Qd2 f4 18. Bh4 Bf6 19. Bf2 Bd8 20. Rac1 g5 21. Be2 Nf6 22. Rc2 h5 23. Rfc1 Bd7 24. Nc7 Rc8 25. Ne6 Bxe6 26. Rxc8 Bxc8 27. Rxc8 Nd7 28. Kf1 Kg7 29. Qc2 Qe7 30. Ra8 b6 31. Qc8 1-0

[Event "AUT-ch"]
[Site "Feldkirch"]
[Date "2013.07.24"]
[Round "5"]
[White "Gerhold, Michael"]
[Black "Spiesberger, Gerhard"]
[Result "1-0"]
[WhiteElo "2256"]
[BlackElo "2077"]
[PlyCount "89"]
[EventDate "2013.07.20"]
[EventType "swiss"]
[EventRounds "9"]
[EventCountry "AUT"]
[SourceTitle "CBM 155 Extra"]
[Source "ChessBase"]
[SourceDate "2013.08.26"]
[SourceVersion "1"]
[SourceVersionDate "2013.08.26"]
[SourceQuality "1"]

1. d4 Nf6 2. Nf3 g6 3. c4 Bg7 4. Nc3 d6 5. e4 0-0 6. Be2 Nc6 7. d5 Ne5 8. Nxe5 dxe5 9. Be3 Bd7 10. 0-0 Qc8 11. f3 Nh5 12. Re1 Nf4 13. Bf1 f6 14. Rc1 g5 15. Qd2 Qe8 16. c5 Qh5 17. Nb5 Bxb5 18. Bxb5 g4 19. Be2 Nxe2+ 20. Qxe2 f5 21. fxg4 Qxg4 22. Qxg4 fxg4 23. Rf1 h5 24. c6 b6 25. Rxf8+ Rxf8 26. Rf1 Rxf1+ 27. Kxf1 Kf7 28. a4 Bf8 29. a5 e6 30. axb6 axb6 31. Bxb6 Bd6 32. dxe6+ Kxe6 33. Ba5 Kf6 34. Ke2 Kg5 35. Kd3 h4 36. Bd2+ Kf6 37. h3 gxh3 38. gxh3 Bc5 39. Ba5 Bd6 40. b4 Be7 41. Bxc7 Bxb4 42. Bxe5+ Ke6 43. Kc4 Ba5 44. Kb5 Be1 45. Ka6 1-0

[Event "AUT-chT 1213"]
[Site "Austria"]
[Date "2013.03.24"]
[Round "11.6"]
[White "Gerhold, Michael"]
[Black "Knoll, Hermann"]
[Result "1/2-1/2"]
[WhiteElo "2256"]
[BlackElo "2318"]
[PlyCount "83"]
[EventDate "2012.11.02"]
[EventType "team-tourn"]
[EventRounds "11"]
[EventCountry "AUT"]
[SourceTitle "EXT 2014"]
[Source "ChessBase"]
[SourceDate "2013.11.20"]
[SourceVersion "1"]
[SourceVersionDate "2013.11.20"]
[SourceQuality "1"]
[WhiteTeam "Absam"]
[BlackTeam "Ansfelden"]
[WhiteTeamCountry "AUT"]
[BlackTeamCountry "AUT"]

1. Nf3 d6 2. d4 Nf6 3. c4 Nbd7 4. Nc3 e5 5. e4 Be7 6. Be2 0-0 7. 0-0 Re8 8. d5 Nc5 9. Qc2 a5 10. Be3 Bf8 11. Nd2 g6 12. b3 Bg7 13. a3 Ng4 14. Bxg4 Bxg4 15. b4 Na6 16. Rab1 axb4 17. axb4 f5 18. f3 f4 19. Bf2 Bh5 20. c5 g5 21. g4 fxg3 22. hxg3 g4 23. f4 exf4 24. gxf4 g3 25. Bxg3 dxc5 26. e5 cxb4 27. Nce4 Qxd5 28. Ng5 Qc5+ 29. Qxc5 Nxc5 30. Rxb4 Be2 31. Rfb1 Bd3 32. Rc1 Bf8 33. Bf2 b6 34. Rd4 Red8 35. Rxd8 Rxd8 36. Kg2 Bf5 37. Nf1 h6 38. Ng3 Bc8 39. Bxc5 hxg5 40. Bxf8 gxf4 41. Rxc7 Kxf8 42. Nh5 1/2-1/2

[Event "AUT-chT 1213"]
[Site "Austria"]
[Date "2013.01.18"]
[Round "5.6"]
[White "Postl, Anton"]
[Black "Gerhold, Michael"]
[Result "1-0"]
[WhiteElo "2259"]
[BlackElo "2256"]
[PlyCount "97"]
[EventDate "2012.11.02"]
[EventType "team-tourn"]
[EventRounds "11"]
[EventCountry "AUT"]
[SourceTitle "EXT 2014"]
[Source "ChessBase"]
[SourceDate "2013.11.20"]
[SourceVersion "1"]
[SourceVersionDate "2013.11.20"]
[SourceQuality "1"]
[WhiteTeam "Fuerstenfeld"]
[BlackTeam "Absam"]
[WhiteTeamCountry "AUT"]
[BlackTeamCountry "AUT"]

1. d4 d5 2. c4 c6 3. Nf3 Nf6 4. e3 e6 5. Nc3 Nbd7 6. Bd3 dxc4 7. Bxc4 b5 8. Bd3 Bd6 9. 0-0 0-0 10. e4 e5 11. Bg5 exd4 12. Nxd4 Ne5 13. Bc2 b4 14. Na4 c5 15. Nf5 Bxf5 16. exf5 Nc6 17. Rc1 Nd4 18. Bd3 Rc8 19. Re1 Re8 20. Rxe8+ Qxe8 21. Bxf6 gxf6 22. b3 Qe5 23. Qg4+ Kh8 24. Qh4 Rg8 25. Kf1 Rg5 26. Re1 Nxf5 27. Qh3 Qf4 28. g3 Qf3 29. Be4 Rh5 30. Bxf3 Rxh3 31. Bg4 Rxh2 32. Bxf5 Rh1+ 33. Ke2 Rh2 34. Kf3 h5 35. Rd1 Be5 36. Nxc5 h4 37. Rd7 hxg3 38. fxg3 Kg8 39. Rxa7 Rh1 40. Rb7 Rf1+ 41. Kg4 Rg1 42. Ne4 Rg2 43. Rxb4 Rxa2 44. Rb7 Rb2 45. Bd7 Re2 46. Bc6 Kg7 47. Bd5 Re3 48. Kh5 Re1 49. Rxf7+ 1-0